Amelia Earhart : (Record no. 150)

MARC details
000 -LEADER
fixed length control field 01777nam a22004217a 4500
001 - CONTROL NUMBER
control field 150
003 - CONTROL NUMBER IDENTIFIER
control field FISKH
005 - DATE AND TIME OF LATEST TRANSACTION
control field 20231211150140.0
008 - FIXED-LENGTH DATA ELEMENTS--GENERAL INFORMATION
fixed length control field 230301b cb ||||| |||| 00| 0 eng d
020 ## - INTERNATIONAL STANDARD BOOK NUMBER
International Standard Book Number 9780689831881
040 ## - CATALOGING SOURCE
Original cataloging agency DLC
Transcribing agency DLC
Modifying agency DLC
-- FISKH
Language of cataloging eng
042 ## - AUTHENTICATION CODE
Authentication code pcc
-- lcac
043 ## - GEOGRAPHIC AREA CODE
Geographic area code n-us---
050 00 - LIBRARY OF CONGRESS CALL NUMBER
Classification number TL540.E3
Item number G67 2000
082 00 - DEWEY DECIMAL CLASSIFICATION NUMBER
Classification number 629.13/092
-- B
Edition number 21
100 1# - MAIN ENTRY--PERSONAL NAME
Personal name Gormley, Beatrice.
245 10 - TITLE STATEMENT
Title Amelia Earhart :
Remainder of title young aviator /
Statement of responsibility, etc. by Beatrice Gormley ; illustrated by Meryl Henderson.
250 ## - EDITION STATEMENT
Edition statement 1st Aladdin Paperbacks ed.
260 ## - PUBLICATION, DISTRIBUTION, ETC.
Place of publication, distribution, etc. New York
Name of publisher, distributor, etc. Aladdin Paperbacks
Date of publication, distribution, etc. 2000
300 ## - PHYSICAL DESCRIPTION
Extent 271 p.
Dimensions 20 cm.
440 #0 - SERIES STATEMENT/ADDED ENTRY--TITLE
Title Childhood of famous Americans series
505 ## - FORMATTED CONTENTS NOTE
Formatted contents note Z
520 ## - SUMMARY, ETC.
Summary, etc. A biography of the pilot who was the first woman to fly alone across the Atlantic and who was later lost at sea, attempting to fly around the world.
521 8# - TARGET AUDIENCE NOTE
Target audience note 950
Source Lexile
521 8# - TARGET AUDIENCE NOTE
Target audience note Z
Source Raz-Plus
600 10 - SUBJECT ADDED ENTRY--PERSONAL NAME
Personal name Earhart, Amelia,
Dates associated with a name 1897-1937
Form subdivision Juvenile literature.
600 10 - SUBJECT ADDED ENTRY--PERSONAL NAME
Personal name Earhart, Amelia,
Dates associated with a name 1897-1937
General subdivision Childhood and youth
Form subdivision Juvenile literature.
600 11 - SUBJECT ADDED ENTRY--PERSONAL NAME
Personal name Earhart, Amelia,
Dates associated with a name 1897-1937.
650 #0 - SUBJECT ADDED ENTRY--TOPICAL TERM
Topical term or geographic name entry element Women air pilots
Geographic subdivision United States
Form subdivision Biography
-- Juvenile literature.
650 #1 - SUBJECT ADDED ENTRY--TOPICAL TERM
Topical term or geographic name entry element Air pilots.
650 #1 - SUBJECT ADDED ENTRY--TOPICAL TERM
Topical term or geographic name entry element Women
Form subdivision Biography.
700 1# - ADDED ENTRY--PERSONAL NAME
Personal name Henderson, Meryl,
Relator term ill.
856 42 - ELECTRONIC LOCATION AND ACCESS
Materials specified Publisher description
Uniform Resource Identifier <a href="http://www.loc.gov/catdir/enhancements/fy1117/99059321-d.html">http://www.loc.gov/catdir/enhancements/fy1117/99059321-d.html</a>
856 42 - ELECTRONIC LOCATION AND ACCESS
Materials specified Contributor biographical information
Uniform Resource Identifier <a href="http://www.loc.gov/catdir/enhancements/fy1408/99059321-b.html">http://www.loc.gov/catdir/enhancements/fy1408/99059321-b.html</a>
906 ## - LOCAL DATA ELEMENT F, LDF (RLIN)
a 7
b cbc
c orignew
d 1
e ocip
f 19
g y-gencatlg
942 ## - ADDED ENTRY ELEMENTS (KOHA)
Source of classification or shelving scheme Dewey Decimal Classification
Koha item type Books
Suppress in OPAC No
Holdings
Withdrawn status Lost status Source of classification or shelving scheme Damaged status Not for loan Collection Home library Current library Shelving location Date acquired Total Checkouts Full call number Barcode Date last seen Price effective from Koha item type
    Dewey Decimal Classification     Non-Fiction Footprints International School Library Network Toul Kork Campus Footprints International School Library Network Toul Kork Campus   03/01/2023   GOR 629.13092 TL540.E3 FISTK00051 03/01/2023 03/01/2023 Books